000 00603nam a2200229Ia 4500
003 OSt
005 20221005131711.0
006 a|||||r|||| 00| 0
007 ta
008 221004b |||||||| |||| 00| 0 eng d
024 _a56462
037 _cTextual
040 _aCRL
_cCRL
_beng
041 _2eng
_aeng
082 _aTN37, J4
100 _aAvinashilingam T.S.
_9639949
245 0 _aStudies in education and psychology understanding basic education.
260 _c1956
650 _aEDUCATION
942 _hTN37, J4
_cTEXL
_2cc
999 _c1061152
_d1061152